000 01172nam a2200229Ia 4500
003 Ost
005 20260507075046.0
008 260507s9999||||xx |||||||||||||| ||und||
020 _a9775036488
040 _cfsecg
041 _aara
082 _a300
100 _aفهمي، مصطفى أبو زيد
_eمؤلف
245 0 _aالإدارة العامة :
_bنشاطها وأموالها /
_c مصطفى أبو زيد فهمي
260 _aالإسكندرية:
_bدار المطبوعات الجامعية,
_c2002
300 _a279 صفحة؛
_bإيضاحات ؛
_c24 سم
520 _aنشاط الادارة العامة-تنظيم ومراقبة النشاط الفردي-تشجيع النشاط الفردي-الحلول محل النشاط الفردي-الأموال العامة-تحديد فكرة المال العام-الوضع القانوني للأحوال العامة-المال العام يتمتع به الكافة-الأموال الخاصة-متى تخضع لنظام القانون العام
653 _aإدارة الأفراد
653 _aالإدارة العامة
653 _aالنفقات العامة
942 _cكتاب
999 _c42571
_d42571